Jonas Brothers Songs - Statistics

General Stats
  • This quiz has been taken 381 times
    350 since last reset
  • The average score is 11 of 44
Answer Stats
Answer % Correct
Sucker
80%
Burnin' Up
70%
Lovebug
69%
S.O.S
67%
Year 3000
66%
Cool
53%
Only Human
48%
Hold On
42%
Rollercoaster
41%
When you look me in the eyes
40%
Paranoid
36%
Hesitate
32%
Mandy
29%
A Little Bit Longer
28%
Fly with me
28%
I Believe
24%
Comeback
23%
BB good
22%
Video Girl
22%
Play My Music
20%
That's just the way we roll
20%
Shelf
19%
Hello Beautiful
18%
Strangers
18%
World War III
18%
Goodnight and Goodbye
17%
Don't Throw It Away
16%
Every SIngle TIme
16%
Trust
16%
Used to be
16%
Please Be Mine
13%
Can't Have You
10%
L.A. Baby
10%
Live to Party
7%
Turn Right
7%
First Time
6%
Kids of the future
6%
Give Love a Try
2%
Love Is On Its way
2%
Poms Poms
2%
Poor Unfortunate Souls
2%
Wedding bells
1%
Tonights
0%
Your Biggest Friend
0%
No matching quizzes found
Score Distribution
Percent of People with Each Score
Percentile by Number Answered
Your Score History
You have not taken this quiz since the last reset